| 000 | 00519nam a2200181Ia 4500 | ||
|---|---|---|---|
| 001 | 8404 | ||
| 005 | 20260306160607.0 | ||
| 008 | 260306t2015||||xx |||||||||||||| ||spa|| | ||
| 041 | _aESP | ||
| 082 |
_a370.72 _bI42 |
||
| 100 |
_aImbernón, F. _eAUT |
||
| 245 | 0 |
_aLa investigación educativa como herramienta de formación del profesorado: _breflexión y experiencias de investigación educativa |
|
| 260 | _c2015 | ||
| 300 |
_a185 páginas : _c23 cm. |
||
| 650 | _aGEN | ||
| 654 | _aCED | ||
| 942 |
_cLIB _dJUS _fJUS _2ddc _n |
||
| 999 |
_c8404 _d8404 |
||